000 01242nam a2200325 i 4500
001 768714001
003 CO-MdFUSB
005 20240516171445.0
007 ta
008 230424t2002 us odb|f |||| 00| 0 eng d
020 _a0199260478
040 _aCO-MdFUSB
_bspa
_cCO-MdFUSB
_dCO-MdFUSBC
_erda
041 _aeng
082 _223
_a930
_bB916l
100 _aBryce, Trevor
_eautor
245 _aLife and society in the Hittite world
_c/ Trevor Bryce
264 1 _aNew York :
_bOxford University Press,
_c2002
264 4 _c©2002
300 _a312 páginas
_c; 22 cm.
336 _2rdacontent
_atexto
_btxt
337 _2rdamedia
_asin mediación
_bn
338 _2rdacarrier
_ahoja
_bnb
504 _aIncluye bibliografía (páginas 293-301) e índice (páginas 302-312)
505 _aRey, corte y funcionarios reales. -- El pueblo y la ley. -- El escriba. -- El granjero. -- El comerciante. -- El guerrero. -- Matrimonio. -- Los dioses. -- Los curanderos de enfermedades. -- Muerte, entierro y el más allá. -- Fiestas y Rituales. -- Mito. -- La Capital. -- Vínculos a través del Mar Vino Oscuro.
563 _arústica
650 7 _2embne
_97023
_aHistoria antigua
942 _cBK
945 _abs
999 _c68770
_d68770